| 000 | 00819cam a2200217 a 4500 | ||
|---|---|---|---|
| 020 | _a0934035032 (pbk.) : | ||
| 082 | 0 | 0 |
_a620.00420285 _bRAK _cDonation |
| 100 | 1 |
_aRaker, Daniel. _940545 |
|
| 245 | 1 | 0 |
_aInside AutoCAD : _ba teaching guide to the AutoCAD microcomputer design and drafting program / _cDaniel Raker and Harbert Rice. |
| 250 | _a1st ed. | ||
| 260 |
_aThousand Oaks, Calif. : _bNew Riders Pub., _c1985. |
||
| 300 |
_ax, 309 p. : _bill. ; _c28 cm. |
||
| 500 | _aIncludes index. | ||
| 500 | _aOn t.p. the registered trademark symbol "TM" is superscript following "AutoCAD" in the title. | ||
| 500 | _aPage 309 publisher's order forms. | ||
| 526 |
_a0 _b0 _c0 _d620_004202850000000_RAK |
||
| 650 | 0 |
_aComputer graphics. _91225 |
|
| 650 | 0 |
_aMCE _9379 |
|
| 700 | 1 |
_aRice, Harbert. _940546 |
|
| 942 |
_2ddc _cBK |
||
| 999 |
_c544804 _d544804 |
||